000 00644nam a2200253Ia 4500
005 20260123122759.0
008 008 260114s9999 xx 000 0 eng d
020 _a9781544357195
037 _aEBOOK
040 _aCRL
040 _beng
040 _cCRL
041 _2eng
041 _aeng
084 _qCRL
100 _aJodi O'Brien,Arlene J. Stein
_91105492
245 0 _aGender, Sexuality, and Intimacy: A Contexts Reader
260 _bSAGE
260 _c2018
856 _uhttps://sk.sagepub.com/books/gender-sexuality-and-intimacy-a-contexts-reader
942 _cEBOOK
999 _c1670728
_d1670728